Spracovanie informácií o suchu a závlahách na Slovensku

Salvato in:
Dettagli Bibliografici
Autore principale: Pavúček, Martin (Autore)
Altri autori: Čistý, Milan (Relatore della tesi)
Natura: Manoscritto Libro
Lingua:slovacco
Pubblicazione: 2017
Soggetti:
Accesso online:http://is.stuba.sk/zp/portal_zp.pl?podrobnosti=120705
https://opac.crzp.sk/?fn=detailBiblioForm&sid=DF521320909666631A7DEBF290DD
Tags: Aggiungi Tag
Nessun Tag, puoi essere il primo ad aggiungerne!!

MARC

LEADER 00000ntm a22000003a 4500
001 stuzp63220
003 SK-STU
005 20230608145935.6
007 ta
008 150427s2015----xo-----f-mn---000-0-slo-d
040 |a STU  |b slo 
041 0 |a slo 
100 1 |a Pavúček, Martin  |u 010160  |4 aut  |U SvF Stavebná fakulta  |T SvF Katedra vodného hospodárstva krajiny  |X 77333  |U V160  |Y 16  |7 77333 
242 0 1 |a Processing of information on drought and irrigation in Slovakia  |y eng 
245 1 0 |a Spracovanie informácií o suchu a závlahách na Slovensku 
260 |c 2017 
650 4 |a závlaha  |2 slo 
650 4 |a závlahová čerpacia stanica  |2 slo 
650 4 |a sucho  |2 slo 
650 4 |a klimatické údaje  |2 slo 
650 4 |a drought  |2 eng 
650 4 |a irrigation  |2 eng 
650 4 |a irrigation pumping station  |2 eng 
650 4 |a climatic data  |2 eng 
700 1 |a Čistý, Milan  |u 010160  |k Z1  |4 ths  |U SvF Stavebná fakulta  |T SvF Katedra vodného hospodárstva krajiny  |X 4056  |U V160  |Y 16  |7 A000004056 
856 4 |u http://is.stuba.sk/zp/portal_zp.pl?podrobnosti=120705 
856 4 |u https://opac.crzp.sk/?fn=detailBiblioForm&sid=DF521320909666631A7DEBF290DD